Der Pommersche Kunstschrank /

Hlavní autor: Lessing, Julius, 1843-1908
Korporativní autor: Königliches Kunstgewerbe Museum (Berlin, Německo)
Další autoři: Brüning, Adolf
Jazyk: Němčina
Vydáno: Leipzig : K.W. Hiersemann, 1906
Témata:
Fyzický popis: 86 s., LIV s. obr. příl.
Knihy
Uloženo v:
LEADER 00903nam a22002532a 4500
001 001742144
003 CZ BrMZK
005 20200411161453.0
007 ta
008 200411s1906 gw af er|||||||||||ger d
040 |a BOA001  |b cze  |e aacr2 
072 7 |a 74  |x Kresba. Umělecká řemesla  |2 Konspekt  |9 21 
100 1 |a Lessing, Julius,  |d 1843-1908  |7 mzk2015870217  |4 aut 
245 1 4 |a Der Pommersche Kunstschrank /  |c Hrsg. von Julius Lessing und Adolf Brüning 
260 |a Leipzig :  |b K.W. Hiersemann,  |c 1906 
300 |a 86 s., LIV s. obr. příl. 
653 0 |a historický nábytek  |a kabinety  |a Pomořansko (Německo) 
700 1 |a Brüning, Adolf  |7 kv2011673198  |4 com 
710 2 |a Königliches Kunstgewerbe Museum (Berlin, Německo) 
910 |a BOA001  |b 5-0392.607 
990 |a BK 
993 |a Y 
991 |b 202004 
996 6 |b BC-2083383  |c 5-0392.607  |l MZK  |r DEP / do 15 dnů  |n 0  |w 001794095  |u 000010  |a 240  |e BOA001  |j MZK50  |s P